书目信息 |
| 题名: |
向大师学习
|
|
| 作者: | 戈瑞 编著 ;谢建军 , 李媛 译 | |
| 分册: | ||
| 出版信息: | 北京 知识产权出版社 2004.7 |
|
| 页数: | 222页 | |
| 开本: | 24cm | |
| 丛书名: | 国外建筑大师力作书系 | |
| 单 册: | ||
| 中图分类: | K816.16 | |
| 科图分类: | ||
| 主题词: | 建筑师--生平事迹--世界 | |
| 电子资源: | ||
| ISBN: | 7-80011-947-5 | |
| 000 | 00822nam2 2200265 45 | |
| 001 | 012004000000 | |
| 005 | 20050117094019.90 | |
| 010 | @a7-80011-947-5@dCNY 98.00 | |
| 100 | @a20041130d2004 em y0chiy0121 ea | |
| 101 | 1 | @achi@ceng |
| 102 | @aCN@b110000 | |
| 105 | @aaf z 000yd | |
| 200 | 1 | @a向大师学习@Axiang da shi xue xi@e建筑师评建筑师@f(美)苏珊·戈瑞编著@g谢建军, 李媛译 |
| 210 | @a北京@c知识产权出版社@c中国水利水电出版社@d2004.7 | |
| 215 | @a222页@c图@d24cm | |
| 225 | 2 | @a国外建筑大师力作书系 |
| 410 | 0 | @12001 @a国外建筑大师力作书系 |
| 517 | 1 | @a建筑师评建筑师 |
| 606 | 0 | @a建筑师@x生平事迹@y世界 |
| 690 | @aK816.16@v4 | |
| 701 | 1 | @a戈瑞@Age rui@b苏珊@4编著 |
| 702 | 0 | @a谢建军@Axie jian jun@4译 |
| 702 | 0 | @a李媛@Ali yuan@4译 |
| 801 | 0 | @aCN@bQSSKxf@c20050117 |
| 905 | @a10447@dK816.16@eS853 | |
| 向大师学习:建筑师评建筑师/(美)苏珊·戈瑞编著/谢建军, 李媛译.-北京:知识产权出版社:中国水利水电出版社,2004.7 |
| 222页:图;24cm.-(国外建筑大师力作书系) |
| ISBN 7-80011-947-5:CNY 98.00 |
| ● |
| 相关链接 |
|
|
|
正题名:向大师学习
索取号:K816.16/S853
 
预约/预借
| 序号 | 登录号 | 条形码 | 馆藏地/架位号 | 状态 | 备注 |
| 1 | 437897 | 204378976 | 社科库309/309社科库 43排7列4层/ [索取号:K816.16/S853] | 在馆 | |
| 2 | 437898 | 204378985 | 社科库309/309社科库 43排7列4层/ [索取号:K816.16/S853] | 在馆 | |
| 3 | 437899 | 204378994 | 社科库309/309社科库 43排7列4层/ [索取号:K816.16/S853] | 在馆 |